Các phẫu thuật thông thường tai mũi họng

Kaydedildi:
Detaylı Bibliyografya
Yazar: LÊ VĂN LỢI
Materyal Türü: Kitap
Dil:Undetermined
Baskı/Yayın Bilgisi: H. Y Học 1997
Konular:
Etiketler: Etiketle
Etiket eklenmemiş, İlk siz ekleyin!
Thư viện lưu trữ: Trung tâm Học liệu Trường Đại học Cần Thơ
LEADER 00483nam a2200169Ia 4500
001 CTU_50710
008 210402s9999 xx 000 0 und d
082 |a 617.51 
082 |b L462 
100 |a LÊ VĂN LỢI 
245 0 |a Các phẫu thuật thông thường tai mũi họng 
245 0 |c LÊ VĂN LỢI 
260 |a H. 
260 |b Y Học 
260 |c 1997 
650 |a otolaryngology, operative 
980 |a Trung tâm Học liệu Trường Đại học Cần Thơ